Dobšina ľadova jaskyňa : 8877 m² celková rozloha : 7171 m² ledových : cintorin

Zobrazenie: Pohľad v bielom orámovaní na vnútro jaskyne. Uprostred záberu vidno ľadové stalagmity s názvom Cintorín

Bibliographic Details
Format: Postcard
Language:Slovak
English
French
German
Hungarian
PhysicalDescription:1 pohľadnica čiernobiela 9 x 14 cm
Published: V Dobšinej Odb. Klub čsl. turistů [medzi 1905 a 1945?]
Subjects:

MARC

LEADER 00000nkm a2200000 a 4500
001 vtls011966957
003 SK-MaSNL
005 20260512123730.0
007 kp bo
008 231120q1905 xo g kuslo
015 |a SNBG 
035 |a urn:nbn:sk:snk-km00egwo 
035 |a urn:nbn:sk:snk-km43c3z 
035 |a 08DBB20B-61C5-4FD0-B97A-433304D0473D 
040 |a SNK  |b slo  |c SNK  |e AACR2 
041 0 |a slo  |a eng  |a fre  |a ger  |a hun 
043 |a e-xo--- 
044 |a xo  |c SK 
072 7 |a 908(437)  |x Vlastiveda Česka a Slovenska  |2 konspekt 
080 |a 908(437.6)  |2 2011 
080 |a 551.442  |2 2011 
080 |a (084.121)  |2 2011 
080 |a 551.44  |2 2011 
080 |a 551.1/.4  |2 2011 
245 0 0 |a Dobšina  |h grafika  |b ľadova jaskyňa : 8877 m² celková rozloha : 7171 m² ledových : cintorin 
246 3 1 |a Dobšina  |b Caverne de glace : 8877 m² l´étendue totale : 7171 m² cou erts de glace : Le Cimetière 
246 3 1 |a Dobšina  |b Ice Cave : 8877 m² the total area : 7171 m² covered with ice : Cemetery 
246 3 1 |a Dobšina  |b Eishőhle : 8877 m² Gesamtausdehnung : 7171 m² mit Eis bedeckt : Friedhof 
246 3 1 |a Dobšina  |b Jégbarlang : 8877 m² Kiterjedese : 7171 m² Jéggel van boritva : Temető 
260 |a V Dobšinej  |b Odb. Klub čsl. turistů  |c [medzi 1905 a 1945?] 
300 |a 1 pohľadnica  |b čiernobiela  |c 9 x 14 cm 
520 8 |a Zobrazenie: Pohľad v bielom orámovaní na vnútro jaskyne. Uprostred záberu vidno ľadové stalagmity s názvom Cintorín 
546 |a Súbežný názov a podnázov v angl., franc., maď. a nem. 
650 0 7 |a jaskyne  |2 SNKPH  |9 20772 
650 0 7 |a speleológia  |2 SNKPH  |9 17878 
650 0 7 |a geológia  |2 SNKPH  |9 167377 
651 7 |a Dobšinská ľadová jaskyňa (Slovensko)  |2 SNKPHgeo  |9 20637 
655 7 |a geografické pohľadnice  |2 SNKPH  |9 70522 
752 |a Slovensko  |d Dobšiná 
852 |a Slovenská národná knižnica 
954 |a pohľadnice pôvodné (slovenské)  |2 lita 
958 |a OND 
958 |a GBN 
958 |a GC 
958 |a EUIPO 
999 |c 779869  |d 781799 
952 |a SNK  |b SNK  |y PREZ  |7 0  |p 17A1381133  |o snkSP 93308  |0 0  |1 0  |4 0  |d 2020-05-15  |f 1  |l 0  |r 2026-02-24 01:01:38  |w 2026-02-24